02373cam a22003135i 4500999001700000001001000017003000900027005001700036008004100053020001800094040003100112082002200143100003700165245004600202250002000248264006000268300004700328336002600375337002800401338002700429490002400456504005100480505128400531650004001815653002701855655001701882942001201899952014801911 c27872d27843018887579EG-ScBUE20200128102524.0160517s2016 enka f b 001 0 eng d z9781137531865 aUkbengerdacUkdEG-ScBUE04a808.0669bGOD2221 aGodfrey, Jeanne,eauthor.93288610aWriting for university /cJeanne Godfrey. aSecond edition. 1aLondon :bPalgrave Macmillan :bRed Globe Press,c2016. aviii, 120 pages :billustrations ;c15 cm. atextbtxt2rdacontent aunmediatedbn2rdamedia avolumebnc2rdacarrier0 aPocket study skills aIncludes bibliographical references and index.0 aPART I: INTRODUCTION.- 1. Myths and Facts About Academic Writing.- 2. What Academic Writing Looks Like.- 3. Your Writing Context and Purpose.- 4. The Five Essential Elements of Writing.- Summary.- PART II: ESSENTIAL ELEMENT 1: WRITE CRITICALLY.- 5. What Critical Writing Is.- 6. What Critical Writing Looks Like.- 7. Common Errors in Critical Writing.- Summary.- PART III: ESSENTIAL ELEMENT 2: USE YOUR SOURCES EFFECTIVELY AND CORRECTLY.- 8. Using Their Words Quotation.- 9. Using Your Words – Paraphrase and Source Summary.- 10. Using Verbs To Show That You Understand Your Sources.- 11. Referencing Styles and Techniques.- 12. How To Avoid Accidental Plagiarism.- Summary.- PART IV: ESSENTIAL ELEMENT 3: LET YOUR OWN VOICE SHINE THROUGH.- 13. Making Your Own Voice Clear.- 14. Using Verbs To Show Your Own Position.- 15. Using I and We.- 16. Expressing Levels of Certainty and Caution.- Summary.- PART V: ESSENTIAL ELEMENT 4: WRITE FOR YOUR READER.- 17. Having a Clear Overall Structure.- 18. Having Clear Paragraph Structure.- 19. Developing a Clear Writing Style.- 20. Using Words Precisely.- Summary.- PART VI: ESSENTIAL ELEMENT 5: REWRITE LIKE AN EXPERT.- 21. The Process of Writing and Rewriting.- 22. Common Language Errors.- 23. A Checklist.- Summary.- Final Comments. 7aAcademic writingxTechnique.2BUEsh bHHUUEENNcNovember2019 vReading book 2ddccBB 00102ddc40708BaccahaMAINbMAINc2NDd2019-11-26ePurchaseg150.00l0o808.0669 GODp000048347r2025-07-15 00:00:00v187.50w2019-11-26yBB